Southville International School and Colleges
Your cart is empty.
  • Cart
  • Lists
    Public lists Eva Luna New books Lux_list list_1
    Your lists Log in to create your own lists
  • Log in to your account
  • Your cookies
  • Search history
Southville International School and Colleges
  • Advanced search
  • Recent comments
  • Most popular
  • Libraries

Log in to your account

Log in with GOOGLE


If you do not have an external account, but do have a local account, you can still log in:

  1. Home
  2. MARC view: The mathematics program improvement review :
Normal view MARC view ISBD view

The mathematics program improvement review : (Record no. 12506)

[ view plain ]
MARC details
000 -LEADER
fixed length control field 01575cam a22003374a 4500
001 - CONTROL NUMBER
control field 14087406
003 - CONTROL NUMBER IDENTIFIER
control field OSt
005 - DATE AND TIME OF LATEST TRANSACTION
control field 20160608153323.0
008 - FIXED-LENGTH DATA ELEMENTS--GENERAL INFORMATION
fixed length control field 050825s2006 vaua b 001 0 eng
010 ## - LIBRARY OF CONGRESS CONTROL NUMBER
LC control number 2005024850
020 ## - INTERNATIONAL STANDARD BOOK NUMBER
International Standard Book Number 9781416602699 (pbk. : alk. paper)
020 ## - INTERNATIONAL STANDARD BOOK NUMBER
International Standard Book Number 1416602690 (pbk. : alk. paper)
040 ## - CATALOGING SOURCE
Original cataloging agency DLC
Transcribing agency DLC
Modifying agency DLC
042 ## - AUTHENTICATION CODE
Authentication code pcc
043 ## - GEOGRAPHIC AREA CODE
Geographic area code n-us---
050 00 - LIBRARY OF CONGRESS CALL NUMBER
Classification number QA 13
Item number .P45 2006
082 ## - DEWEY DECIMAL CLASSIFICATION NUMBER
Classification number GLT 510.71273
Item number P36 2006
100 1# - MAIN ENTRY--PERSONAL NAME
Personal name Pelfrey, Ron,
Dates associated with a name 1944-
9 (RLIN) 22400
245 14 - TITLE STATEMENT
Title The mathematics program improvement review :
Remainder of title a comprehensive evaluation process for K-12 schools /
Statement of responsibility, etc Ron Pelfrey.
260 ## - PUBLICATION, DISTRIBUTION, ETC. (IMPRINT)
Place of publication, distribution, etc Alexandria, Va. :
Name of publisher, distributor, etc Association for Supervision and Curriculum Development,
Date of publication, distribution, etc 2006
300 ## - PHYSICAL DESCRIPTION
Extent 219 p. :
Other physical details ill. ;
Dimensions 28 cm.
504 ## - BIBLIOGRAPHY, ETC. NOTE
Bibliography, etc Includes bibliographical references (p. 212-214) and index.
505 0# - FORMATTED CONTENTS NOTE
Formatted contents note What is a mathematics program improvement review? -- Planning for the review -- The standards -- The questionnaires -- The interviews -- The classroom observations -- Other data sources -- The final report.
650 #0 - SUBJECT ADDED ENTRY--TOPICAL TERM
Topical term or geographic name as entry element Mathematics
General subdivision Study and teaching
Geographic subdivision United States
General subdivision Evaluation.
9 (RLIN) 22401
650 #0 - SUBJECT ADDED ENTRY--TOPICAL TERM
Topical term or geographic name as entry element Mathematical readiness
General subdivision Evaluation.
9 (RLIN) 22402
856 41 - ELECTRONIC LOCATION AND ACCESS
Materials specified Table of contents
Uniform Resource Identifier <a href="http://www.loc.gov/catdir/toc/ecip0518/2005024850.html">http://www.loc.gov/catdir/toc/ecip0518/2005024850.html</a>
906 ## - LOCAL DATA ELEMENT F, LDF (RLIN)
a 7
b cbc
c orignew
d 1
e ecip
f 20
g y-gencatlg
942 ## - ADDED ENTRY ELEMENTS (KOHA)
Source of classification or shelving scheme Library of Congress Classification
Koha item type Books
Holdings
Withdrawn status Lost status Source of classification or shelving scheme Damaged status Home library Current library Shelving location Date acquired Source of acquisition Total Checkouts Full call number Barcode Date last seen Copy number Price effective from Koha item type
    Library of Congress Classification   Luxembourg Library Luxembourg Library Genevive Ledesma - Tan Section 10/01/2013 Donation   QA 13 .P45 2006 14476 10/01/2013 1 10/01/2013 Books

The mathematics program improvement review :

APA

Pelfrey R., . (2006). The mathematics program improvement review. Alexandria, Va: Association for Supervision and Curriculum Development.

Chicago

Pelfrey Ron, . 2006. The mathematics program improvement review. Alexandria, Va: Association for Supervision and Curriculum Development.

Harvard

Pelfrey R., . (2006). The mathematics program improvement review. Alexandria, Va: Association for Supervision and Curriculum Development.

MLA

Pelfrey Ron, . The mathematics program improvement review. Alexandria, Va: Association for Supervision and Curriculum Development. 2006.

  • Place hold
  • Print
  • Cite
  • Add to your cart (remove)
  • Save record
    BIBTEX Dublin Core MARCXML MARC (non-Unicode/MARC-8) MARC (Unicode/UTF-8) MARC (Unicode/UTF-8, Standard) MODS (XML) RIS
  • More searches
    Search for this title in:
    Other Libraries (WorldCat) Other Databases (Google Scholar) Online Stores (Bookfinder.com) Open Library (openlibrary.org)

Exporting to Dublin Core...

SOUTHVILLE LIBRARY

Southville International School and Colleges Library

1281 Tropical Ave. Cor. Luxembourg St., BF Homes International, Las Pinas City

Tel. No. 8256374 / 252358 Loc. 117/146

Powered by Koha